<?xml version="1.0" encoding="UTF-8"?>
<record
    xmlns:xsi="http://www.w3.org/2001/XMLSchema-instance"
    xsi:schemaLocation="http://www.loc.gov/MARC21/slim http://www.loc.gov/standards/marcxml/schema/MARC21slim.xsd"
    xmlns="http://www.loc.gov/MARC21/slim">

  <leader>00948nam a2200253 i 4500</leader>
  <controlfield tag="001">47874</controlfield>
  <controlfield tag="003">ES-MaACL</controlfield>
  <controlfield tag="005">20250902225542.0</controlfield>
  <controlfield tag="007">t|</controlfield>
  <controlfield tag="008">030623s2001    sp bd        ||||0| spa j</controlfield>
  <datafield tag="020" ind1=" " ind2=" ">
    <subfield code="a">84-95163-60-8</subfield>
  </datafield>
  <datafield tag="080" ind1=" " ind2=" ">
    <subfield code="a">338.1(460-35)"19"</subfield>
  </datafield>
  <datafield tag="100" ind1="1" ind2=" ">
    <subfield code="a">Goerlich, Francisco J.</subfield>
    <subfield code="9">57565</subfield>
  </datafield>
  <datafield tag="245" ind1="1" ind2="3">
    <subfield code="a">La evoluci&#xF3;n econ&#xF3;mica de las provincias espa&#xF1;olas </subfield>
    <subfield code="b">: (1955-1998) / </subfield>
    <subfield code="c">Francisco J. Goerlich Gisbert, Matilde Mas Ivars ; pr&#xF3;logo, Francisco P&#xE9;rez Garc&#xED;a.</subfield>
  </datafield>
  <datafield tag="260" ind1=" " ind2=" ">
    <subfield code="a">Bilbao : </subfield>
    <subfield code="b">Fundaci&#xF3;n BBVA, </subfield>
    <subfield code="c">[2001]</subfield>
  </datafield>
  <datafield tag="300" ind1=" " ind2=" ">
    <subfield code="a">2 v. : </subfield>
    <subfield code="b">gr&#xE1;f., mapas ; </subfield>
    <subfield code="c">23 cm.</subfield>
  </datafield>
  <datafield tag="505" ind1="8" ind2=" ">
    <subfield code="a">Contiene: v. 1 ; </subfield>
    <subfield code="t">Capitalizaci&#xF3;n y crecimiento - v. 2 ; </subfield>
    <subfield code="t">Desigualdad y convergencia</subfield>
  </datafield>
  <datafield tag="651" ind1=" " ind2="4">
    <subfield code="a">Espa&#xF1;a-</subfield>
    <subfield code="x">Situaci&#xF3;n econ&#xF3;mica-</subfield>
    <subfield code="y">S.XX.</subfield>
    <subfield code="9">8505</subfield>
  </datafield>
  <datafield tag="700" ind1="1" ind2=" ">
    <subfield code="a">Mas, Matilde.</subfield>
    <subfield code="9">78620</subfield>
  </datafield>
  <datafield tag="700" ind1="1" ind2=" ">
    <subfield code="a">P&#xE9;rez, Francisco,</subfield>
    <subfield code="d">1950-</subfield>
    <subfield code="9">234242</subfield>
  </datafield>
  <datafield tag="710" ind1="2" ind2=" ">
    <subfield code="a">Fundaci&#xF3;n BBVA</subfield>
    <subfield code="9">4230</subfield>
  </datafield>
  <datafield tag="852" ind1=" " ind2=" ">
    <subfield code="a">ES-MaACL</subfield>
    <subfield code="j">L-26426-7</subfield>
  </datafield>
  <datafield tag="999" ind1=" " ind2=" ">
    <subfield code="c">47874</subfield>
    <subfield code="d">47874</subfield>
  </datafield>
  <datafield tag="952" ind1=" " ind2=" ">
    <subfield code="0">0</subfield>
    <subfield code="1">0</subfield>
    <subfield code="4">0</subfield>
    <subfield code="7">0</subfield>
    <subfield code="a">ATENEOM</subfield>
    <subfield code="b">ATENEOM</subfield>
    <subfield code="c">DEPO2</subfield>
    <subfield code="d">2008-01-17</subfield>
    <subfield code="e">SC</subfield>
    <subfield code="l">0</subfield>
    <subfield code="o">L-26426-7</subfield>
    <subfield code="p">1050383</subfield>
    <subfield code="r">2023-02-23 00:00:00</subfield>
    <subfield code="w">2023-02-23</subfield>
    <subfield code="y">MONOGRAFIA</subfield>
  </datafield>
</record>
